01324nam a22003254a 4500001001100000003000800011006001900019007001500038008004100053010001700094020002200111040002100133035002000154050002600174082001200200100002800212245008900240260006400329300001700393490003100410504006400441533015200505600007300657650005000730655002900780710001700809830003200826856012500858999001500983ebr5006358CaPaEBRm u cr cn|||||||||000505s2001 enk sb 001 0 eng  z 00034259  z0521663245 (hbk.) aCaPaEBRcCaPaEBR a(OCoLC)5611611914aB2799.I48bG74 2001eb04a1932211 aGrier, Michelle,d1960-10aKant's doctrine of transcendental illusionh[electronic resource] /cMichelle Grier. aCambridge ;aNew York :bCambridge University Press,c2001. axiii, 315 p.1 aModern European philosophy aIncludes bibliographical references (p. 307-311) and index. aElectronic reproduction.bPalo Alto, Calif. :cebrary,d2013.nAvailable via World Wide Web.nAccess may be limited to ebrary affiliated libraries.10aKant, Immanuel,d1724-1804xContributions in philosophy of illusion. 0aIllusion (Philosophy)xHistoryy18th century. 7aElectronic books.2local2 aebrary, Inc. 0aModern European philosophy.40uhttp://site.ebrary.com/lib/rucke/Doc?id=5006358zAn electronic book accessible through the World Wide Web; click to view c6657d6657